| 000 | 00676nam a2200229Ia 4500 | ||
|---|---|---|---|
| 008 | 191130s2005##################000#0#eng## | ||
| 020 | _a9783540214946 | ||
| 022 | _a2008530790 | ||
| 040 |
_aACL _cACL |
||
| 082 | _a579.25 ENJ | ||
| 245 |
_aCoronavirus replication and reverse genetics _cL. Enjuanes (ed.) |
||
| 250 | _a1st ed | ||
| 260 |
_aBerlin ; New York _bSpringer _c2005 |
||
| 300 | _avii, 257 p. : ill. (some col.) ; 24 cm | ||
| 500 | _aIncludes bibliographical references and index | ||
| 650 | _aCoronaviruses | ||
| 650 | _aViral genetics | ||
| 700 | _aEnjuanes, Luis | ||
| 990 | _aaff9200cac10000c43e1700b09ac32a3 | ||
| 991 | _a223741 | ||
| 999 |
_c139522 _d139522 |
||